Nuevos paseos historicos, artisticos, economico-politicos, por Granada y sus contornos / (Record no. 101773)
[ view plain ]
| 000 -LEADER | |
|---|---|
| campo de control de longitud fija | 01266nam a2200289 i 4500 |
| 001 - NÚMERO DE CONTROL | |
| campo de control | 101773 |
| 003 - IDENTIFICADOR DE NÚMERO DE CONTROL | |
| campo de control | ES-MaACL |
| 005 - FECHA Y HORA DE LA ÚLTIMA TRANSACCIÓN | |
| campo de control | 20260326133358.0 |
| 007 - CAMPO FIJO DE DESCRIPCIÓN FÍSICA--INFORMACIÓN GENERAL | |
| campo de control de longitud fija | t| |
| 008 - DATOS DE LONGITUD FIJA--INFORMACIÓN GENERAL | |
| campo de control de longitud fija | 160920s1806 sp ||||1| spa d |
| 100 1# - ENTRADA PRINCIPAL--NOMBRE DE PERSONA | |
| Nombre de persona | Argote, Simón de. |
| 9 (RLIN) | 160931 |
| 245 10 - MENCIÓN DEL TÍTULO | |
| Título | Nuevos paseos historicos, artisticos, economico-politicos, por Granada y sus contornos / |
| Mención de responsabilidad, etc. | [refundidos y aumentados por Simon de Argote]. |
| 260 ## - PUBLICACIÓN, DISTRIBUCIÓN, ETC. | |
| Lugar de publicación, distribución, etc. | Granada : |
| Nombre del editor, distribuidor, etc. | en la Imprenta de D. Francisco Gomez Espinosa de los Monteros ..., |
| Fecha de publicación, distribución, etc. | [1806?] |
| 300 ## - DESCRIPCIÓN FÍSICA | |
| Extensión | 2 v. ([4], 300 ; 123, 197 p.) ; |
| Dimensiones | 15 cm. |
| 500 ## - NOTA GENERAL | |
| Nota general | Solo el vol. II, datos conpletados de la B. N. |
| 510 3# - NOTA DE CITAS O REFERENCIAS BIBLIOGRÁFICAS | |
| Nombre de la fuente | Aguilar Piñal. Bib. S.XVIII, |
| Localización dentro de la fuente | v. 1, 2395 |
| 530 ## - NOTA DISPONIBLE DE FORMULARIO FÍSICO ADICIONAL | |
| Nota de formato físico adicional disponible | Disponible en formato digital. |
| 594 ## - Nota al título y mención de responsabilidad | |
| Nota al título y mención de responsabilidad | El autor consta en la pág. 3 del tomo I. |
| 594 ## - Nota al título y mención de responsabilidad | |
| Nota al título y mención de responsabilidad | El refundidor consta al final de la dedicatoria. |
| 596 ## - NOTA AL PIE DE IMPRENTA | |
| NOTA AL PIE DE IMPRENTA | Fecha tomada de Aguilar Piñal. |
| 651 #4 - PUNTO DE ACCESO ADICIONAL DE MATERIA--NOMBRE GEOGRÁFICO | |
| Nombre geográfico | Granada- |
| Subdivisión general | Descripción. |
| 9 (RLIN) | 8768 |
| 700 1# - ENTRADA AGREGADA--NOMBRE PERSONAL | |
| Nombre de persona | Velázquez de Echeverría, Juan. |
| 9 (RLIN) | 160932 |
| 852 ## - LOCALIZACIÓN | |
| Ubicación | ES-MaACL |
| Número de control de estantería | 1481-F-16 |
| Ubicación en estantería | Depósito folletos |
| Nota libre | Revisado enlace: 25 Marzo 2025. |
| itemnumber | 105572 |
| Encuadernación | Ejemplar sin cubierta |
| 856 4# - LOCALIZACIÓN Y ACCESO ELECTRÓNICOS | |
| Identificador Uniforme de Recursos | <a href="http://bdh-rd.bne.es/viewer.vm?id=0000010604&page=1 ">http://bdh-rd.bne.es/viewer.vm?id=0000010604&page=1 </a> |
| Texto de enlace | Biblioteca Digital Hispánica |
| 942 ## - ELEMENTOS DE ENTRADA SECUNDARIOS (KOHA) | |
| Fuente del sistema de clasificación o colocación | Clasificación decimal universal |
| Estatus retirado | Estado de pérdida | Estado de daño | No para préstamo | Colección | Biblioteca de origen | Biblioteca actual | Ubicación en estantería | Fecha de adquisición | Fuente de adquisición | Total de préstamos | Signatura topográfica completa | Código de barras | Visto por última vez | Precio de reemplazo | Tipo de ítem Koha |
|---|---|---|---|---|---|---|---|---|---|---|---|---|---|---|---|
| Colección de folletos | Biblioteca del Ateneo de Madrid | Biblioteca del Ateneo de Madrid | Depósito folletos | 20/09/2016 | 1481-F-16 | 1196333 | 23/02/2023 | 23/02/2023 | Folleto |
